Sčítanie ľudu, domov a bytov 1.11.1980 obyvateľstvo, domy, byty a domácnosti SSR

Uložené v:
Podrobná bibliografia
Médium: Kniha
Jazyk:Slovak
Vydavateľské údaje: Bratislava Federálny štatistický úrad 1982
Tagy: Pridať tag
Žiadne tagy, Buďte prvý, kto otaguje tento záznam!

MARC

LEADER 00000nam a2200000 4500
001 c131222
005 20041019155251.7
041 0 |a slo 
044 |a SK 
245 1 0 |a Sčítanie ľudu, domov a bytov 1.11.1980  |b obyvateľstvo, domy, byty a domácnosti SSR 
264 1 |a Bratislava  |b Federálny štatistický úrad  |c 1982 
300 |a 214 s.